| 000 | 00728nam a2200241 i 4500 | ||
|---|---|---|---|
| 001 | 40230 | ||
| 003 | ES-MaACL | ||
| 005 | 20240305180337.0 | ||
| 007 | t| | ||
| 008 | 030305s1970 sp ||||1| cat d | ||
| 245 | 0 | 0 |
_aCarta a una maestra / _c[versió de Miguel Martí]. |
| 250 | _a[2ª ed.]. | ||
| 260 |
_aBarcelona : _bNova Terra, _c[1970] |
||
| 300 |
_a123 p. ; _c20 cm. |
||
| 490 | 1 |
_aCol·lecció Nadal ; _v24 |
|
| 500 | _aPrecede al tít.: Escola de Barbiana. | ||
| 650 | 7 |
_aEnseñanza- _zItalia _2 _9166206 |
|
| 700 | 1 |
_aMartí i Pol, Miquel. _977220 |
|
| 710 | 2 |
_aScuola di Barbiana. _93510 |
|
| 830 | 0 |
_aCol·lecció Nadal ; _v24 _9181843 |
|
| 852 |
_aES-MaACL _jC-48608 _bR.73077 |
||
| 999 |
_c40230 _d40230 |
||